<?xml version="1.0" encoding="UTF-8"?>
<collection xmlns:xsi="http://www.w3.org/2001/XMLSchema-instance" xsi:schemaLocation="http://www.loc.gov/MARC21/slim http://www.loc.gov/standards/marcxml/schema/MARC21slim.xsd" xmlns="http://www.loc.gov/MARC21/slim">
 <record>
  <leader>00000cam a2200000 i 4500</leader>
  <controlfield tag="001">UP-99796217613217969</controlfield>
  <controlfield tag="003">Buklod</controlfield>
  <controlfield tag="005">20220922112556.0</controlfield>
  <controlfield tag="006">aa    r     ||| u </controlfield>
  <controlfield tag="007">ta</controlfield>
  <controlfield tag="008">220922s2015    xx     d     |||| ||    |</controlfield>
  <datafield tag="020" ind1=" " ind2=" ">
   <subfield code="a">9780199655793 (pbk.)</subfield>
  </datafield>
  <datafield tag="035" ind1=" " ind2=" ">
   <subfield code="a">(iLib)UPD-00429665725</subfield>
  </datafield>
  <datafield tag="037" ind1=" " ind2=" ">
   <subfield code="a">Econ-34362</subfield>
   <subfield code="c">7,822.55 php</subfield>
   <subfield code="n">Econ 103</subfield>
   <subfield code="n">Prof. Ma. Christina F. Epetia</subfield>
  </datafield>
  <datafield tag="040" ind1=" " ind2=" ">
   <subfield code="a">DLC</subfield>
   <subfield code="d">DECON</subfield>
   <subfield code="e">rda</subfield>
  </datafield>
  <datafield tag="041" ind1=" " ind2=" ">
   <subfield code="a">eng</subfield>
  </datafield>
  <datafield tag="042" ind1=" " ind2=" ">
   <subfield code="a">DMLUC</subfield>
  </datafield>
  <datafield tag="090" ind1=" " ind2=" ">
   <subfield code="a">HB 172.5</subfield>
   <subfield code="b">C35 2015</subfield>
  </datafield>
  <datafield tag="100" ind1="1" ind2=" ">
   <subfield code="a">Carlin, Wendy</subfield>
   <subfield code="e">author.</subfield>
  </datafield>
  <datafield tag="245" ind1="1" ind2="0">
   <subfield code="a">Macroeconomics</subfield>
   <subfield code="b">institutions, instability, and the financial system</subfield>
   <subfield code="c">Wendy Carlin, David Soskice.</subfield>
  </datafield>
  <datafield tag="264" ind1=" " ind2="1">
   <subfield code="a">Oxford</subfield>
   <subfield code="b">Oxford University Press</subfield>
   <subfield code="c">[2015]</subfield>
  </datafield>
  <datafield tag="300" ind1=" " ind2=" ">
   <subfield code="a">xl, 638 pages</subfield>
   <subfield code="b">illustrations</subfield>
   <subfield code="c">25 cm.</subfield>
  </datafield>
  <datafield tag="336" ind1=" " ind2=" ">
   <subfield code="a">text</subfield>
   <subfield code="2">rdacontent</subfield>
  </datafield>
  <datafield tag="337" ind1=" " ind2=" ">
   <subfield code="a">unmediated</subfield>
   <subfield code="2">rdamedia</subfield>
  </datafield>
  <datafield tag="338" ind1=" " ind2=" ">
   <subfield code="a">volume</subfield>
   <subfield code="2">rdacarrier</subfield>
  </datafield>
  <datafield tag="504" ind1=" " ind2=" ">
   <subfield code="a">Includes bibliographical references (pages 615-628) and index.</subfield>
  </datafield>
  <datafield tag="505" ind1="0" ind2="0">
   <subfield code="a">The demand side -- The supply side -- The 3-equation model and macroeconomic policy -- Expectations -- Money, banking and the macro-economy -- The financial sector and crises -- The global financial crisis : applying the models -- Growth, fluctuations and innovation -- The 3-equation model in the open economy -- The open economy : the demand and supply sides -- Extending the open economy model : oil shocks and imbalances -- The Eurozone -- Monetary policy -- Fiscal policy -- Supply-side policy, institutions and unemployment -- Real Business Cycle and New Keynesian models.</subfield>
  </datafield>
  <datafield tag="520" ind1="0" ind2=" ">
   <subfield code="a">&quot;Macroeconomics: Institutions, Instability, and the Financial System integrates the modern monetary framework--based on the 3-equation model of the demand side, the supply side, and the policy maker--with a model of the financial system. The authors comprehensively address the limitations of the mainstream macroeconomic model exposed by the financial crisis and the Eurozone crisis. The text guides the reader through the three principal steps required to integrate the financial system within the macroeconomic model.Every chapter emphasizes how the different actors in the economy behave and interact: what are they trying to achieve and what limits their ability to put their intentions into practice? This is extended to the modelling of growth, where the role of innovation rents in the Schumpeterian model is highlighted. It is essential that students understand previous periods of growth, stability and crisis in preparing for future shocks. With this in mind, the book enables the reader to interpret long run historical data and to compare institutional detail in different eras and across the world.&quot;--Provided by publisher.</subfield>
  </datafield>
  <datafield tag="650" ind1=" " ind2="0">
   <subfield code="a">Macroeconomics.</subfield>
  </datafield>
  <datafield tag="700" ind1="1" ind2=" ">
   <subfield code="a">Soskice, David W.</subfield>
   <subfield code="d">1942-</subfield>
   <subfield code="e">author.</subfield>
  </datafield>
  <datafield tag="842" ind1=" " ind2=" ">
   <subfield code="a">Book</subfield>
  </datafield>
  <datafield tag="905" ind1=" " ind2=" ">
   <subfield code="a">FO</subfield>
  </datafield>
  <datafield tag="852" ind1="0" ind2=" ">
   <subfield code="a">UPD</subfield>
   <subfield code="b">DECON</subfield>
   <subfield code="h">HB 172.5</subfield>
   <subfield code="i">C35 2015</subfield>
  </datafield>
  <datafield tag="942" ind1=" " ind2=" ">
   <subfield code="a">Book</subfield>
  </datafield>
 </record>
</collection>
